00692nam a2200229 a 4500001001300000003000900013005001700022008004100039020002300080082001700103100001900120245006300139260002500202300000900227500003500236650002200271700001900293902000800312942000700320952011800327999001700445nice12345678IN_TiNIC20260116014155.0121001s2006 dela grp 000 0 eng  a8172149263 c12500a261.834bCHU aChung, Meehyun aBreaking Silenceb Theology from Asian Women`s Perspective aDelhi bISPCK c2006 a171p aincludes index and biblioraphy aTheology-Feminist1 aChung, Meehyun bSRS cBK 001040708StackRoom-aHMIbHMId2013-09-03g125.00l0o261.834 CHUp023877r2013-09-03v125.00w2012-10-01yBK c14179d14179